The Routledge international handbook of psychobiology /

"The International Handbook of Psychobiology provides authoritative, cutting-edge research across the range of areas that fall under the umbrella of psychobiology. It is a valuable source for researchers looking to update their knowledge on a wide range of topics. The International Handbook of...

Full description

Bibliographic Details
Other Authors: Murphy, Philip N. (Editor)
Format: eBook
Language:English
Published: London : Routledge, 2018.
Series:Routledge international handbooks.
Subjects:
Online Access:Connect to the full text of this electronic book.

MARC

Tag First Indicator Second Indicator Subfields
LEADER 00000cam a2200000Ki 4500
001 in00004542012
005 20201006134040.0
006 m d
007 cr cn|||||||||
008 180619s2018 enka ob 000 0 eng d
019 |a 1033679389  |a 1047619556 
020 |a 9781315642765  |q (electronic bk.) 
020 |a 131564276X  |q (electronic bk.) 
020 |a 9781317283980 
020 |a 1317283988 
020 |a 9781317283997 
020 |a 1317283996 
020 |a 9781317283973 
020 |a 131728397X 
020 |z 9781138188006 
020 |z 113818800X 
024 8 |a 10.4324/9781315642765  |2 doi 
035 |a (OCoLC)on1041109011 
035 |a (OCoLC)1041109011  |z (OCoLC)1033679389  |z (OCoLC)1047619556 
040 |a N$T  |b eng  |e rda  |e pn  |c N$T  |d YDX  |d EBLCP  |d NAM  |d IU0  |d IN0  |d I3U  |d IUL  |d IUP  |d XUN  |d IE0  |d XPJ  |d UAB  |d OCLCO  |d NLE  |d TYFRS  |d OCLCF  |d CUY  |d OCLCO  |d U3W  |d OCLCO  |d OCLCQ  |d UKMGB  |d OTZ  |d OCLCO  |d TKN  |d OCLCO  |d OCLCQ  |d OCLCO  |d CUS  |d UKAHL  |d OCLCQ  |d OCLCO  |d OCLCQ  |d OCLCA  |d TMV  |d UtOrBLW 
049 |a TMVM 
050 4 |a QP360  |b .M88 2018eb 
060 4 |a WL 103  |b R8696 2018eb 
245 0 4 |a The Routledge international handbook of psychobiology /  |c edited by Philip N. Murphy. 
246 3 0 |a International handbook of psychobiology 
246 3 0 |a Handbook of psychobiology 
264 1 |a London :  |b Routledge,  |c 2018. 
264 4 |c ©2018 
300 |a 1 online resource :  |b illustrations. 
336 |a text  |b txt  |2 rdacontent 
337 |a computer  |b c  |2 rdamedia 
338 |a online resource  |b cr  |2 rdacarrier 
490 1 |a The Routledge international handbook series 
500 |a Electronic resource. 
500 |a Description based on opening page (viewed Aug 03, 2020). 
504 |a Includes bibliographical references. 
520 2 |a "The International Handbook of Psychobiology provides authoritative, cutting-edge research across the range of areas that fall under the umbrella of psychobiology. It is a valuable source for researchers looking to update their knowledge on a wide range of topics. The International Handbook of Psychobiology comprises 30 chapters which are organized into the following sections: the physical environment: how psychobiological processes regulate how we respond and cope; stress and anxiety; managing and enhancing cognition and mood; substance use and misuse; sleep; and psychobiology and human development. Each of the chapters is authored by experienced and active researchers in their field who provide authoritative reviews of its current state of knowledge."--Provided by publisher. 
650 0 |a Psychobiology  |v Handbooks, manuals, etc. 
650 2 |a Psychophysiology.  |0 (DNLM)D011603  |0 https://id.nlm.nih.gov/mesh/D011603 
650 2 |a Behavior  |x physiology.  |0 (DNLM)D001519Q000502  |0 https://id.nlm.nih.gov/mesh/D001519Q000502 
655 7 |a Ebooks.  |2 local 
655 7 |a Electronic books.  |2 local 
700 1 |a Murphy, Philip N.,  |e editor.  |0 http://id.loc.gov/authorities/names/n2017072458 
830 0 |a Routledge international handbooks.  |0 http://id.loc.gov/authorities/names/no2006099660 
856 4 0 |u http://proxy.library.tamu.edu/login?url=https://www.taylorfrancis.com/books/e/9781315642765  |z Connect to the full text of this electronic book.  |t 0 
948 |a Patron request; 08/03/20, rf. 
999 |a MARS 
999 f f |s 26102b30-d741-338a-ae1d-c6f768b71a84  |i 27abd3cc-56b4-3b40-983c-d4eb3fa81f2b  |t 0 
952 f f |a Texas A&M University  |b College Station  |c Electronic Resources  |d Available Online  |t 0  |e WL 103 R8696 2018eb  |h National Library of Medicine classification 
998 f f |a WL 103 R8696 2018eb  |t 0  |l Available Online